Riconosci l'Anno dagli eventi - Quiz n°160 - Statistics

Statistiche generali
  • Questo quiz è stato fatto 7 volte
  • Il punteggio medio è 6 su 9
Statistiche sulle risposte
Indizio Risposta % Corretto
A 27 gennaio – Francesco I, re di Francia, stringe un patto segreto con il langravio Filippo I d'Assia: lo scopo ufficiale è quello di aiutare il duca Ulrico I di Württemberg, usurpato del suo dominio proprio da Carlo V d'Asburgo, vero obiettivo del patto.
100%
E 10 giugno – L'esploratore Jacques Cartier, grazie al sostegno finanziario di Francesco I di Francia, compie un'esplorazione dirigendosi verso lo stretto di Belle Isle, per poi navigare verso sud lungo le coste dell'isola del Principe Edoardo e della baia di Gaspé e infine tornare in madre patria.
71%
F 3 novembre – Enrico VIII d'Inghilterra promulga l'Act of Supremacy che provoca la rottura con Roma e la relativa scomunica papale.
71%
B È ucciso, a Forlì, da sicari del partito guelfo, il celebre condottiero Cesare Hercolani, il vincitore di Pavia.
71%
C Paolo III (Alessandro Farnese) diviene papa.
71%
D São Tomé, sede principale della tratta, viene dichiarata città e centro arcivescovile sotto i missionari bianchi.
71%
G Tommaso Moro (Thomas Moore) si dimette dalla carica di cancelliere, per non giurare fedeltà all'Atto di Supremazia.
71%
H I Corsari barbareschi, guidati da Khayr al-Din Barbarossa ed affiliati all'Impero ottomano, conquistano Tunisi.
57%
Anno 1534
0%
Nessun quiz corrispondente trovato
Distribuzione punteggi
Percentuale di utenti per punteggio
Percentile per numero di risposta
I tuoi punteggi nel tempo
Non hai fatto questo quiz